The Trainers Toolkit (Record no. 90806)

MARC details
000 -LEADER
fixed length control field 00581nam a2200217Ia 4500
008 - FIXED-LENGTH DATA ELEMENTS--GENERAL INFORMATION
fixed length control field 230125s9999 xx 000 0 und d
041 ## - LANGUAGE CODE
Language code of text/sound track or separate title eng
082 ## - DEWEY DECIMAL CLASSIFICATION NUMBER
Classification number 658.3124
Item number PFE
100 ## - MAIN ENTRY--PERSONAL NAME
Personal name Pfeiffer J W, Ed.
245 ## - TITLE STATEMENT
Title The Trainers Toolkit
Remainder of title Compedium of Design Ideas on, 3 Team Building Activities
250 ## - EDITION STATEMENT
Edition statement 1st Ed.
260 ## - PUBLICATION, DISTRIBUTION, ETC. (IMPRINT)
Date of publication, distribution, etc. 1111
Name of publisher, distributor, etc. Pentagon press
Place of publication, distribution, etc. New Delhi
300 ## - PHYSICAL DESCRIPTION
Extent 355p
440 ## - SERIES STATEMENT/ADDED ENTRY--TITLE
Title Trainers Toolkit
9 (RLIN) 113586
500 ## - GENERAL NOTE
Keywords Training
500 ## - GENERAL NOTE
Keywords Training
650 ## - SUBJECT ADDED ENTRY--TOPICAL TERM
Topical term or geographic name as entry element Management
700 ## - ADDED ENTRY--PERSONAL NAME
Personal name Pfeiffer J W, Ed.
906 ## - LOCAL DATA ELEMENT F, LDF (RLIN)
b 245
Holdings
Withdrawn status Lost status Damaged status Not for loan Home library Current library Date acquired Vendor Cost, normal purchase price Full call number Barcode Date last seen Cost, replacement price Bill Date Koha item type Original Barcode
      Reference Smt. Hiraben Nanavati Institute of Management & Research for Women Smt. Hiraben Nanavati Institute of Management & Research for Women 28/03/2002 System sales 1225.00 658.3124 PFE B03061 HIMR-BK-3061 25/01/2023 980.00 28/03/2002 Books B03061